Exhortación apostólica de su Santidad Juan Pablo II al episcopado, al clero y a los fieles de toda la iglesia sobre la misión de la familia cristiana en el mundo actual
Salvato in:
| Natura: | Libro |
|---|---|
| Lingua: | spagnolo |
| Pubblicazione: |
Santiago
Paulinas
1981
|
| Soggetti: | |
| Tags: |
Aggiungi Tag
Nessun Tag, puoi essere il primo ad aggiungerne!!
|
MARC
| LEADER | 00000nam a2200000 a 4500 | ||
|---|---|---|---|
| 001 | UCW5235 | ||
| 003 | CL-VaPUC | ||
| 008 | 910125e19810000CL |||||||||||||||||spa|d | ||
| 082 | 0 | 4 | |a 262.91 |b EXH |2 21 |
| 245 | 1 | 0 | |a Exhortación apostólica de su Santidad Juan Pablo II al episcopado, al clero y a los fieles de toda la iglesia sobre la misión de la familia cristiana en el mundo actual |
| 300 | |a 173 p | ||
| 942 | |c BK | ||
| 945 | |d 19910125 00:00:00 | ||
| 260 | |a Santiago |b Paulinas |c 1981 | ||
| 600 | 0 | |a Juan Pablo II |9 309920 | |
| 650 | 0 | |a Familias |9 255641 | |
| 650 | 0 | |a Documentos pontificios |9 255642 | |
| 650 | 0 | |a Encíclicas |9 255643 | |
| 583 | |a last modification |c 19910125 00:00:00 |k Rodrigo Vera | ||
| 999 | |c 218718 |d 218716 | ||
| 952 | |0 0 |1 0 |4 0 |6 262_910000000000000_EXH_1981 |7 0 |8 A |9 208724 |a BIBGIM |b BIBGIM |d 2019-11-15 |i 2765721 |o 262.91 EXH 1981 |p 2765721 |r 2025-01-15 |w 2019-11-15 |y BK |k SSL | ||
| 952 | |0 0 |1 0 |4 0 |6 262_910000000000000_EXH_1981 |7 0 |8 A |9 208725 |a BIBGIM |b BIBGIM |d 2019-11-15 |i 276573K |o 262.91 EXH 1981 |p 276573K |r 2025-01-15 |w 2019-11-15 |y BK |k SSL | ||
| 952 | |0 0 |1 2 |4 0 |6 262_910000000000000_EXH_1981 |7 0 |8 A |9 208726 |a BIBTEO |b BIBTEO |d 2019-11-15 |i 2765748 |o 262.91 EXH 1981 |p 2765748 |r 2019-11-15 |w 2019-11-15 |x Descarte 2019 |y BK |k ICR | ||
| 952 | |0 0 |1 0 |4 0 |6 262_910000000000000_EXH_1981 |7 0 |8 A |9 208729 |a BIBING |b BIBING |d 2019-11-15 |i 1641786 |o 262.91 EXH 1981 |p 1641786 |r 2025-01-20 |w 2019-11-15 |y BK |k TRA | ||
| 952 | |0 0 |1 0 |4 0 |6 262_910000000000000_EXH_1981 |7 0 |8 A |9 208730 |a BIBDER |b BIBDER |d 2019-11-15 |i 3265366 |o 262.91 EXH 1981 |p 3265366 |r 2023-01-25 |w 2019-11-15 |y BK |k DER | ||
| 952 | |0 0 |1 0 |4 0 |6 262_910000000000000_EXH_1981 |7 0 |8 P |9 208731 |a BIBEDU |b BIBEDU |d 2019-11-15 |i 3619788 |o 262.91 EXH 1981 |p 3619788 |r 2019-11-15 |w 2019-11-15 |y BK |k BME | ||
| 952 | |0 0 |1 0 |4 0 |6 262_910000000000000_EXH_1981 |7 0 |8 A |9 208732 |a BIBTEO |b BIBTEO |d 2019-11-15 |i 3791858 |o 262.91 EXH 1981 |p 3791858 |r 2025-01-17 |w 2019-11-15 |y BK |k ICR | ||
| 952 | |0 0 |1 0 |4 0 |6 262_910000000000000_EXH_1981 |7 0 |8 A |9 208733 |a BIBTEO |b BIBTEO |d 2019-11-15 |i 2094088 |o 262.91 EXH 1981 |p 2094088 |r 2025-01-17 |w 2019-11-15 |y BK |k ICR | ||
| 952 | |0 0 |1 2 |4 0 |6 262_910000000000000_EXH_1981 |7 0 |8 A |9 208734 |a BIBTEO |b BIBTEO |d 2019-11-15 |i 2094096 |o 262.91 EXH 1981 |p 2094096 |r 2019-11-15 |w 2019-11-15 |x Descarte 2019 |y BK |k ICR | ||
| 952 | |0 0 |1 2 |4 0 |6 262_910000000000000_EXH_1981 |7 0 |8 A |9 208735 |a BIBTEO |b BIBTEO |d 2019-11-15 |i 209410K |o 262.91 EXH 1981 |p 209410K |r 2019-11-15 |w 2019-11-15 |x Descarte 2019 |y BK |k ICR | ||
| 952 | |0 0 |1 0 |4 0 |6 262_910000000000000_EXH_1981 |7 0 |8 A |9 208736 |a BIBTEO |b BIBTEO |d 2019-11-15 |i 2094118 |o 262.91 EXH 1981 |p 2094118 |r 2025-01-17 |w 2019-11-15 |y BK |k ICR | ||
| 952 | |0 0 |1 0 |4 0 |6 262_910000000000000_EXH_1981 |7 0 |8 A |9 208737 |a BIBTEO |b BIBTEO |d 2019-11-15 |i 2094126 |o 262.91 EXH 1981 |p 2094126 |r 2025-01-17 |w 2019-11-15 |y BK |k ICR | ||
| 952 | |0 0 |1 0 |4 0 |6 262_910000000000000_EXH_1981 |7 0 |8 A |9 208738 |a BIBTEO |b BIBTEO |d 2019-11-15 |i 2094134 |o 262.91 EXH 1981 |p 2094134 |r 2025-01-17 |w 2019-11-15 |y BK |k ICR | ||
| 952 | |0 0 |1 0 |4 0 |6 262_910000000000000_EXH_1981 |7 0 |8 A |9 208739 |a BIBTEO |b BIBTEO |d 2019-11-15 |i 2094142 |o 262.91 EXH 1981 |p 2094142 |r 2025-01-17 |w 2019-11-15 |y BK |k ICR | ||
| 952 | |0 0 |1 0 |4 0 |6 262_910000000000000_EXH_1981 |7 0 |8 A |9 208740 |a BIBTEO |b BIBTEO |d 2019-11-15 |i 2094150 |o 262.91 EXH 1981 |p 2094150 |r 2025-01-17 |w 2019-11-15 |y BK |k ICR | ||
| 952 | |0 0 |1 0 |4 0 |6 262_910000000000000_EXH_1981 |7 0 |8 A |9 208741 |a BIBTEO |b BIBTEO |d 2019-11-15 |i 2094169 |o 262.91 EXH 1981 |p 2094169 |r 2025-01-17 |w 2019-11-15 |y BK |k ICR | ||
| 952 | |0 0 |1 2 |4 0 |6 262_910000000000000_EXH_1981 |7 0 |8 A |9 208742 |a BIBTEO |b BIBTEO |d 2019-11-15 |i 2094177 |o 262.91 EXH 1981 |p 2094177 |r 2019-11-15 |w 2019-11-15 |x Descarte 2019 |y BK |k ICR | ||
| 952 | |0 0 |1 2 |4 0 |6 262_910000000000000_EXH_1981 |7 0 |8 A |9 208743 |a BIBTEO |b BIBTEO |d 2019-11-15 |i 2094185 |o 262.91 EXH 1981 |p 2094185 |r 2019-11-15 |w 2019-11-15 |x Descarte 2019 |y BK |k ICR | ||
| 952 | |0 0 |1 0 |4 0 |6 262_910000000000000_EXH_1981 |7 0 |8 A |9 208744 |a BIBTEO |b BIBTEO |d 2019-11-15 |i 2094193 |o 262.91 EXH 1981 |p 2094193 |r 2025-01-17 |w 2019-11-15 |y BK |k ICR | ||